Con ếch; T1 Thực hành động vật

Сохранить в:
Библиографические подробности
Формат:
Язык:Undetermined
Предметы:
Метки: Добавить метку
Нет меток, Требуется 1-ая метка записи!
Thư viện lưu trữ: Trung tâm Học liệu Trường Đại học Cần Thơ
LEADER 00360nam a2200133Ia 4500
001 CTU_9238
008 210402s9999 xx 000 0 und d
082 |a 597 
082 |b C430/T1 
245 0 |a Con ếch; T1 
245 0 |b Thực hành động vật 
650 |a frogs 
904 |i Minh, 960925 
980 |a Trung tâm Học liệu Trường Đại học Cần Thơ